[Event "Cap d'Agde Cavalier op"]
[Site "Cap d'Agde"]
[Date "2008.10.30"]
[Round "7"]
[White "Martin, Bruno"]
[Black "Boukhris, Yacine"]
[Result "1/2-1/2"]
[WhiteElo "1995"]
[BlackElo "1916"]
[PlyCount "111"]
[EventDate "2008.10.25"]
[EventType "swiss"]
[EventRounds "9"]
[EventCountry "FRA"]
[SourceTitle "EXT 2010"]
[Source "ChessBase"]
[SourceDate "2010.11.25"]
[SourceVersion "1"]
[SourceVersionDate "2010.11.25"]
[SourceQuality "1"]

1. d4 Nf6 2. c4 g6 3. Nc3 Bg7 4. e4 d6 5. Be2 0-0 6. Nf3 e5 7. 0-0 Na6 8. Be3 Ng4 9. Bg5 Qe8 10. dxe5 dxe5 11. h3 h6 12. Bc1 Nf6 13. Be3 Qe7 14. a3 c6 15. Qc2 Nc7 16. Na4 Nd7 17. c5 Ne6 18. Rfd1 Rd8 19. b4 h5 20. Rd2 Nf4 21. Bf1 Nf8 22. Rxd8 Qxd8 23. Rd1 Qf6 24. Bxf4 Qxf4 25. Qd3 Be6 26. g3 Qf6 27. Nb2 Nh7 28. Qe3 Rd8 29. Rxd8+ Qxd8 30. h4 a5 31. Qd2 Qxd2 32. Nxd2 axb4 33. axb4 Nf6 34. Bc4 Bxc4 35. Nbxc4 Nd7 36. Na5 b6 37. cxb6 Nxb6 38. Nxc6 f6 39. Ne7+ Kf7 40. Nd5 Nxd5 41. exd5 Bf8 42. b5 Ke7 43. Nc4 Kd7 44. f3 Bc5+ 45. Kg2 Bd4 46. g4 Kc7 47. gxh5 gxh5 48. Kg3 Bc3 49. Kf2 Bb4 50. f4 exf4 51. Kf3 Be1 52. Kxf4 Bxh4 53. Kf5 Bg3 54. Kxf6 h4 55. Ne3 h3 56. Nf1 1/2-1/2

[Event "FRA-ch op-B"]
[Site "Aix les Bains"]
[Date "2007.08.14"]
[Round "1"]
[White "Feryn, Benjamin"]
[Black "Martin, Bruno"]
[Result "1/2-1/2"]
[WhiteElo "1876"]
[BlackElo "1999"]
[PlyCount "93"]
[EventDate "2007.08.13"]
[EventType "swiss"]
[EventRounds "11"]
[EventCountry "FRA"]
[SourceTitle "CBM 120 Extra"]
[Source "ChessBase"]
[SourceDate "2007.11.01"]
[SourceVersion "1"]
[SourceVersionDate "2007.11.01"]
[SourceQuality "1"]

1. e4 d6 2. d4 Nf6 3. Nc3 g6 4. Nf3 Bg7 5. Be2 0-0 6. 0-0 c6 7. Bg5 Qc7 8. Qd2 b5 9. a3 a6 10. e5 dxe5 11. Nxe5 Rd8 12. Bf3 Ne8 13. Qf4 Nd6 14. Bh6 Bxh6 15. Qxh6 Nf5 16. Qf4 Rxd4 17. Ne4 Ra7 18. c3 Rd8 19. Rad1 f6 20. Rxd8+ Qxd8 21. Nxg6 hxg6 22. Qxb8 Rb7 23. Qf4 e5 24. Qc1 Rh7 25. Rd1 Qe7 26. Qd2 Rf7 27. Qd8+ Rf8 28. Qxe7 Nxe7 29. Rd6 f5 30. Nc5 e4 31. Bd1 Kg7 32. Ne6+ Bxe6 33. Rxe6 Rd8 34. Bb3 Rd7 35. Kf1 a5 36. a4 bxa4 37. Bxa4 Kf7 38. Re5 Rd5 39. Bb3 Kf6 40. Rxd5 cxd5 41. Ke2 g5 42. g3 Ke5 43. Ba4 Nc8 44. b3 Nd6 45. Bd7 d4 46. cxd4+ Kxd4 47. Kd2 1/2-1/2

[Event "Lyon LOE op"]
[Site "Lyon"]
[Date "2002.05.12"]
[Round "9"]
[White "Martin, Bruno"]
[Black "Kidri Gamal, Roland"]
[Result "1-0"]
[WhiteElo "1840"]
[BlackElo "1770"]
[PlyCount "79"]
[EventDate "2002.05.??"]
[EventType "swiss"]
[EventRounds "9"]
[EventCountry "FRA"]
[SourceTitle "EXT 2004"]
[Source "ChessBase"]
[SourceDate "2003.11.25"]
[SourceVersion "1"]
[SourceVersionDate "2003.11.25"]
[SourceQuality "1"]

1. d4 d5 2. c4 c6 3. Nf3 Nf6 4. e3 e6 5. Nc3 a6 6. c5 Nbd7 7. b4 b6 8. Bb2 Bb7 9. Bd3 g6 10. Qc2 Bg7 11. a4 0-0 12. a5 Re8 13. 0-0-0 Ng4 14. h3 Ngf6 15. g4 Kf8 16. h4 Nxg4 17. h5 e5 18. hxg6 hxg6 19. Bxg6 Qf6 20. Bf5 Nxf2 21. Qxf2 Qxf5 22. Qg2 Re6 23. Nh4 Qh7 24. Ne2 Rae8 25. dxe5 Bxe5 26. Bxe5 Nxe5 27. Nf4 Rh6 28. Qg5 Bc8 29. Nhg6+ Nxg6 30. Rxh6 Qg7 31. Nxg6+ fxg6 32. Rd4 Bf5 33. Qh4 Kg8 34. Qg5 Be4 35. Rh4 Qf7 36. Rf4 Qh7 37. Qf6 Bf5 38. Rh4 Qg7 39. Qxc6 Rxe3 40. Qxd5+ 1-0

[Event "Lyon LOE op"]
[Site "Lyon"]
[Date "2002.05.11"]
[Round "7"]
[White "Martin, Bruno"]
[Black "Tomanov, Metodi"]
[Result "1-0"]
[WhiteElo "1840"]
[BlackElo "1830"]
[PlyCount "59"]
[EventDate "2002.05.??"]
[EventType "swiss"]
[EventRounds "9"]
[EventCountry "FRA"]
[SourceTitle "EXT 2004"]
[Source "ChessBase"]
[SourceDate "2003.11.25"]
[SourceVersion "1"]
[SourceVersionDate "2003.11.25"]
[SourceQuality "1"]

1. d4 Nf6 2. c4 e6 3. Nc3 Bb4 4. f3 c5 5. d5 0-0 6. e4 Bxc3+ 7. bxc3 e5 8. Bd3 Re8 9. Ne2 Nh5 10. 0-0 d6 11. g4 Nf6 12. Ng3 h6 13. g5 hxg5 14. Bxg5 Bh3 15. Rf2 Nbd7 16. Bf1 Bxf1 17. Qxf1 Qc7 18. Nf5 Nh7 19. Be7 g6 20. Bxd6 Qd8 21. Rg2 Kh8 22. Nh6 Kg7 23. Qc1 Qf6 24. Nf5+ Kh8 25. Nh6 a5 26. Rg3 Ra6 27. Bc7 Ndf8 28. Qe3 b6 29. Rb1 Rc8 30. Bxe5 1-0